Normal view
MARC view
Entry Personal Name
001 - CONTROL NUMBER
- control field: 82919
003 - CONTROL NUMBER IDENTIFIER
- control field: dpl
005 - DATE AND TIME OF LATEST TRANSACTION
- control field: 20250711113737.0
008 - FIXED-LENGTH DATA ELEMENTS
- fixed length control field: 250711|| aca||aabn | a|a d
040 ## - CATALOGING SOURCE
- Original cataloging agency: dpl
- Transcribing agency: dpl
100 ## - HEADING--PERSONAL NAME
- Personal name: Justin, T
670 ## - SOURCE DATA FOUND
- Source citation: Work cat.: (dpl)212335: Justin, T., Organizational Behaviour:
